| 000 | 00404 a2200133 4500 | ||
|---|---|---|---|
| 001 | 87907 | ||
| 082 | _aPR 250 | ||
| 090 |
_c41374 _d41374 |
||
| 100 | _aMutasem Ghazi; Abdul Munem Khan, Prof. Dr | ||
| 245 |
_aNumerical investigation of curved composite panel with cutout under compressive loading using FEM _nG-65 |
||
| 260 |
_aRisalpur _bNUST _c2008 |
||
| 300 | _a90 p. | ||
| 500 | _aBE project reports AE | ||
| 942 |
_aCAE NUST _kPR 250 |
||
| 999 |
_c322980 _d322980 |
||